The Egypt high technology industry : development strategic plan.

Bibliographic Details
Corporate Author: The Cabinet Information and Decision Support Center
Format: Book
Published: San Jose, CA: Dataquest, 1992.
Subjects:
LEADER 00584cam a2200181 7i4500
001 0000005637
005 19991025090000.0
002 ##000007276
020 0 0 |a T000005673  
090 0 0 |a EGPT 338.454   |b EGY 
245 0 4 |a The Egypt high technology industry :   |b development strategic plan. 
260 0 0 |a San Jose, CA:   |b Dataquest,   |c 1992. 
300 0 0 |a 36 p.. 
500 0 0 |a Library has report three 
650 0 0 |a High technology industries --   |z Egypt  
651 0 0 |a Egypt  
710 2 1 |a The Cabinet Information and Decision Support Center  
999 |a 0000007935  |b Book  |c Open shelf  |e Business Information Centre